000 00610nam a2200229Ia 4500
003 OSt
005 20220928123927.0
006 a|||||r|||| 00| 0
007 ta
008 220927b |||||||| |||| 00| 0 eng d
024 _a108371
037 _cTextual
040 _aSDCL
_cSDCL
_beng
041 _2eng
_aeng
082 _aO:g(P)v5.M, L0
100 _aPatterson Annabel M
_9462362
245 0 _aHermogenes and the renaissance
_b Seven ideas of style
260 _c1970
300 _axv,240p.
_ccm.
942 _hO:g(P)v5.M, L0
_cTEXL
_2CC
999 _c775350
_d775350